[Event "Championnat de France - Open D"]
[Site "PAU"]
[Date "2012.08.14"]
[Round "1.1"]
[White "Giua, Marie"]
[Black "Georges, Lisa"]
[Result "1-0"]
[WhiteElo "1500"]
[BlackElo "1388"]
[PlyCount "119"]

1. d4 Nf6 2. c4 c5 3. e3 g6 4. Nc3 cxd4 5. exd4 Bg7 6. Nf3 O-O 7. Be2 d6 8. O-O
Bf5 9. Bg5 Re8 10. Re1 Nbd7 11. h3 Rc8 12. Rc1 Nb6 13. Nb5 a6 14. Na3 Ne4 15.
Bf4 Qd7 16. Bf1 Nf6 17. c5 dxc5 18. dxc5 Qxd1 19. Rexd1 Nbd5 20. Be5 Nb4 21.
Bc4 Rxc5 22. Bxf7+ Kxf7 23. Rxc5 Nd7 24. Rc4 Nxe5 25. Nxe5+ Bxe5 26. Rxb4 b5
27. g4 Bd6 28. Rxd6 Be6 29. Rxa6 Bxa2 30. Nxb5 Bd5 31. Nc7 Rd8 32. Rd4 e6 33.
Nxd5 exd5 34. Ra5 Ke6 35. f4 Rb8 36. Rdxd5 Rxb2 37. f5+ gxf5 38. Rxf5 Rb1+ 39.
Kg2 Rb2+ 40. Kg3 Rb6 41. Kh4 Kd7 42. Ra7+ Kc6 43. Rf6+ Kc5 44. Rxb6 Kxb6 45.
Rd7 Kc6 46. Rd1 Kc7 47. Kg5 Kc8 48. Kf6 Kc7 49. Ke6 Kc6 50. Rc1+ Kb5 51. Kd6
Kb4 52. Kd5 Kb3 53. Kd4 Kb2 54. Rc6 Kb1 55. Kd3 Kb2 56. Rc7 h6 57. Rc6 Kb1 58.
Kd2 Ka1 59. Kc2 Ka2 60. Ra6# 1-0

[Event "Championnat de France - Open D"]
[Site "PAU"]
[Date "2012.08.14"]
[Round "1.2"]
[White "Parratt, Camille"]
[Black "Arpinon, Jack"]
[Result "0-1"]
[WhiteElo "1387"]
[BlackElo "1499"]
[Annotator "Rivier,Sylvain"]
[PlyCount "57"]

1. e4 c5 2. Nf3 d6 3. d4 cxd4 4. Nxd4 Nf6 5. Nc3 g6 6. Bc4 Bg7 7. Bf4 O-O 8.
Be3 Nc6 9. Nxc6 bxc6 10. Bb3 Ng4 11. Bf4 Qb6 12. O-O Ne5 13. h3 Ba6 14. Re1 Nc4
15. Rb1 Qa5 16. Qf3 Nxb2 17. Bd2 Nc4 18. Nd5 Nxd2 19. Nxe7+ Kh8 20. Qf4 Nxb1
21. Re3 Qe5 22. Qh4 Qf6 23. Qxf6 Bxf6 24. Nxc6 Nd2 25. Bd5 Nc4 26. Rf3 Be5 27.
Nb4 Rab8 28. Rb3 Bb5 29. f3 {suite illisible} 0-1

[Event "Championnat de France - Open D"]
[Site "PAU"]
[Date "2012.08.14"]
[Round "1.3"]
[White "Bergougnoux, Thierry"]
[Black "Raynaud, Alexia"]
[Result "0-1"]
[WhiteElo "1499"]
[BlackElo "1384"]
[PlyCount "52"]

1. d4 Nf6 2. Nf3 g6 3. Be3 d5 4. g3 Bg7 5. Bg2 O-O 6. O-O Bf5 7. Nc3 Qd7 8. Bf4
c6 9. Ne5 Qe6 10. e3 Nh5 11. g4 c5 12. gxh5 Rd8 13. Nxd5 Rxd5 14. h6 Bf6 15.
Qe2 Bxe5 16. Bxd5 Qxd5 17. dxe5 Bh3 18. f3 Bxf1 19. Qxf1 Nc6 20. Qb5 Nxe5 21.
e4 Nxf3+ 22. Kf1 Qxe4 23. h3 Qxf4 24. Qxb7 Re8 25. Qc6 Nd4+ 26. Kg2 Nxc6 0-1

[Event "Championnat de France - Open D"]
[Site "PAU"]
[Date "2012.08.14"]
[Round "1.4"]
[White "Seyler, Julie"]
[Black "Brivet-Naudot, Cyril"]
[Result "0-1"]
[WhiteElo "1380"]
[BlackElo "1499"]
[PlyCount "48"]

1. e4 e5 2. Nf3 Nc6 3. Bc4 Nf6 4. d3 Bc5 5. c3 d5 6. exd5 Nxd5 7. O-O Be6 8.
Re1 Qf6 9. Nbd2 Bb6 10. d4 O-O-O 11. dxe5 Qg6 12. Qe2 Nf4 13. Bxe6+ fxe6 14.
Qf1 Nh3+ 15. Kh1 Nxf2+ 16. Kg1 Nd3+ 17. Kh1 Nxe1 18. Qxe1 Rhf8 19. Nc4 Rd3 20.
Nxb6+ axb6 21. b4 Rfd8 22. Be3 Qe4 23. Ng1 Qxe3 24. Ne2 Rd2 0-1

[Event "Championnat de France - Open D"]
[Site "PAU"]
[Date "2012.08.14"]
[Round "1.5"]
[White "Pinault, Jacqueline"]
[Black "Zounani, Sarah"]
[Result "0-1"]
[WhiteElo "1499"]
[BlackElo "1379"]
[PlyCount "70"]

1. e4 c5 2. Nf3 Nc6 3. Nc3 Nf6 4. Bc4 g6 5. d3 Bg7 6. Bf4 O-O 7. O-O d6 8. Qd2
e5 9. Bg5 h6 10. Bxf6 Qxf6 11. Nd5 Qd8 12. Bb5 Rb8 13. Rab1 Be6 14. c4 Bxd5 15.
exd5 Na5 16. Rfe1 a6 17. Ba4 b5 18. Bd1 bxc4 19. dxc4 Nxc4 20. Qc2 Nb6 21. Qd3
f5 22. Qxa6 Nxd5 23. Qc4 e4 24. Qxd5+ Kh7 25. Nd2 Qa5 26. Qxd6 Rfd8 27. Qf4
Qxd2 28. Re3 Qxd1+ 29. Re1 Qd2 30. h3 Qxf4 31. a4 Rxb2 32. Rxb2 Bxb2 33. Rb1
Rd2 34. a5 Qxf2+ 35. Kh2 Qxg2# 0-1

[Event "Championnat de France - Open D"]
[Site "PAU"]
[Date "2012.08.14"]
[Round "1.6"]
[White "Hatrel, Arnaud"]
[Black "Ragneau, Freddy"]
[Result "0-1"]
[WhiteElo "1375"]
[BlackElo "1499"]
[PlyCount "182"]

1. Nf3 e6 2. d4 d5 3. b3 Nf6 4. Bb2 c6 5. e3 Bd6 6. Bd3 O-O 7. Nbd2 b6 8. Rc1
Na6 9. a3 Qe7 10. O-O b5 11. b4 Nb8 12. Ne5 Nbd7 13. f4 Bb7 14. Rf3 a5 15. c3
Nb6 16. Rh3 Nc4 17. Ndxc4 bxc4 18. Bxh7+ Kh8 19. Bb1+ Kg8 20. Bh7+ Kh8 21. Bg6+
Kg8 22. Bxf7+ Rxf7 23. Ng6 Rff8 24. Nxe7+ Bxe7 25. Rc2 Kf7 26. Qf3 Rg8 27. f5
exf5 28. Qxf5 Bc8 29. Qf3 Bg4 30. Qg3 Bxh3 31. Qxh3 Bd6 32. Rf2 Ke7 33. g3 Rh8
34. Qg2 Ne4 35. Rf3 a4 36. h4 Rh6 37. Qh3 Ng5 38. Qf5 Nxf3+ 39. Qxf3 Rf6 40.
Qg4 g6 41. Qg5 Raf8 42. Kg2 Kd7 43. Qg4+ Kc7 44. Qe2 Rf5 45. g4 R5f6 46. Bc1
Re6 47. Bd2 Re4 48. Be1 Rff4 49. Kh3 Rf7 50. Kg2 Bf8 51. Bg3+ Kb6 52. g5 Rf5
53. Kh3 Be7 54. Kg2 Bd8 55. Kh3 Rf7 56. Kg2 Bc7 57. Bxc7+ Rxc7 58. Kg3 Rce7 59.
Kf2 Rxh4 60. Kf1 Rhe4 61. Qh2 Kb7 62. Qh6 R7e6 63. Qg7+ Kb6 64. Qf8 Re7 65. Kf2
Kb7 66. Qf6 R4e6 67. Qf4 Rd7 68. Kf3 Ree7 69. Ke2 Rf7 70. Qg4 Rde7 71. Qg3 Re6
72. Qg4 Rf5 73. Qg3 Re7 74. Qg4 Re4 75. Qg3 Re7 76. Qg4 Rh7 77. e4 Re7 78. e5
Re6 79. Qh4 Rf7 80. Qh8 Ree7 81. Qf6 Rxf6 82. gxf6 Rf7 83. Kf3 Kc7 84. Kf4 Kd7
85. Kg5 Ke6 86. Kxg6 Rc7 87. Kg5 Rh7 88. Kg6 Rh2 89. Kg7 Rg2+ 90. Kf8 Rg3 91.
Ke8 Rg8# 0-1

[Event "Championnat de France - Open D"]
[Site "PAU"]
[Date "2012.08.14"]
[Round "1.7"]
[White "Salvi, Michel"]
[Black "Froment, Josephine"]
[Result "1-0"]
[WhiteElo "1499"]
[BlackElo "1367"]
[PlyCount "107"]

1. e4 c6 2. d4 d5 3. e5 c5 4. dxc5 e6 5. Bd2 Bxc5 6. b4 Bd4 7. Bc3 Bxc3+ 8.
Nxc3 Qc7 9. Qd4 Nc6 10. Bb5 Nge7 11. f4 O-O 12. Bxc6 Nxc6 13. Nb5 Nxd4 14. Nxc7
Nxc2+ 15. Kd2 Nxa1 16. Nxa8 Bd7 17. Ne2 Nb3+ 18. axb3 Rxa8 19. Rc1 Rc8 20. Rc5
b6 21. Rxc8+ Bxc8 22. Nd4 Bb7 23. Nb5 a6 24. Nd6 Ba8 25. Nc8 b5 26. Kd3 h6 27.
g4 g5 28. f5 Kg7 29. Nd6 Bc6 30. Kd4 Bd7 31. f6+ Kg8 32. Nb7 Kh7 33. Nc5 Bc8
34. Nd3 Kg6 35. Kc5 h5 36. h3 hxg4 37. hxg4 Kh7 38. Kc6 Kg8 39. Kc7 Kf8 40.
Kxc8 Ke8 41. Kb7 Kd7 42. Nc5+ Kd8 43. Nxa6 Kd7 44. Nc5+ Kd8 45. Kb6 Kc8 46.
Kxb5 Kc7 47. Nd3 d4 48. Kc5 Kb7 49. Kxd4 Kb6 50. Kc4 Kc6 51. b5+ Kb6 52. b4 Kb7
53. Nc5+ Kb6 54. Ne4 1-0

[Event "Championnat de France - Open D"]
[Site "PAU"]
[Date "2012.08.14"]
[Round "1.8"]
[White "Poulet, Benoit"]
[Black "Thouvenin, Jean-Claude"]
[Result "0-1"]
[WhiteElo "1365"]
[BlackElo "1499"]
[PlyCount "50"]

1. d4 f5 2. c4 Nf6 3. Nc3 e6 4. Nf3 Be7 5. e3 c6 6. Bd3 d5 7. O-O O-O 8. Re1
Ne4 9. cxd5 cxd5 10. Nb5 a6 11. Na3 Nc6 12. Bd2 Bd7 13. Rc1 Rc8 14. Nb1 Bd6 15.
Nc3 Rf6 16. Ne2 Rh6 17. Ng3 g5 18. Bc3 g4 19. Nd2 Qh4 20. Ndf1 Rf8 21. Re2 Ng5
22. Qb3 Nf3+ 23. gxf3 gxf3 24. Nxf5 Qh3 25. Nxh6+ Kh8 0-1

[Event "Championnat de France - Open D"]
[Site "PAU"]
[Date "2012.08.14"]
[Round "1.9"]
[White "Kneib, Bernard"]
[Black "Schmitt, Manon"]
[Result "1-0"]
[WhiteElo "1495"]
[BlackElo "1364"]
[PlyCount "85"]

1. e4 g6 2. Nc3 Bg7 3. Nf3 c6 4. d3 d5 5. Rb1 dxe4 6. Nxe4 e5 7. Be2 Ne7 8. O-O
O-O 9. Bg5 f6 10. Be3 Be6 11. a3 Nd7 12. Qd2 f5 13. Neg5 Bd5 14. c4 Bxf3 15.
Bxf3 f4 16. Ne6 fxe3 17. Qxe3 Nf5 18. Qd2 Qe7 19. Nxf8 Qxf8 20. Bg4 Rd8 21. b4
Nd4 22. Qe3 Qf4 23. Qxf4 exf4 24. Rfe1 Ne5 25. Bd1 Bf8 26. Rxe5 Rd7 27. Bg4 Rd8
28. Rd1 Nc2 29. Re4 Nxa3 30. Rxf4 Bxb4 31. Be6+ Kh8 32. Bg4 Nc2 33. Bf3 Nd4 34.
Bg4 h5 35. Bf3 Rd7 36. Kf1 a5 37. Be4 Kg7 38. Rh4 a4 39. Ra1 a3 40. Ra2 b6 41.
Rh3 Ra7 42. Rg3 Bd6 43. Rxg6+ 1-0

[Event "Championnat de France - Open D"]
[Site "PAU"]
[Date "2012.08.14"]
[Round "1.10"]
[White "Bartels, Marco"]
[Black "Juffin, Dominique"]
[Result "0-1"]
[WhiteElo "1360"]
[BlackElo "1494"]
[PlyCount "70"]

1. e4 d6 2. d4 g6 3. Nc3 Bg7 4. Nf3 a6 5. Bc4 e6 6. Bf4 Ne7 7. O-O Nd7 8. Qd3
O-O 9. Bg5 h6 10. Bf4 b5 11. Bb3 c5 12. dxc5 Nxc5 13. Qd2 Nxb3 14. cxb3 Kh7 15.
e5 d5 16. Nd1 Bb7 17. Ne3 g5 18. Bg3 Ng6 19. Qc2 Rc8 20. Qd3 Kh8 21. Rac1 Qb6
22. Ng4 Rfd8 23. Qd4 Qa5 24. Rfe1 Qxa2 25. Ra1 Qxb3 26. Nd2 Qc2 27. Rec1 Qf5
28. Ne3 Rxc1+ 29. Rxc1 Bxe5 30. Bxe5+ Qxe5 31. Qxe5+ Nxe5 32. Rc7 Rd7 33. Rc5
Nd3 34. Rc3 Nxb2 35. Ng4 Kg7 0-1

[Event "Championnat de France - Open D"]
[Site "PAU"]
[Date "2012.08.15"]
[Round "2.1"]
[White "Henri, Jacqueline"]
[Black "Giua, Marie"]
[Result "0-1"]
[WhiteElo "1434"]
[BlackElo "1500"]
[PlyCount "36"]

1. e4 c5 2. Nf3 Nc6 3. d4 cxd4 4. Nxd4 e5 5. Nxc6 bxc6 6. Be2 Nf6 7. Bf3 d5 8.
exd5 cxd5 9. O-O e4 10. Be2 Bb7 11. c4 dxc4 12. Qa4+ Qd7 13. Qxd7+ Nxd7 14.
Bxc4 Bc5 15. Nc3 O-O 16. Bf4 Rac8 17. Bb5 Nf6 18. h3 h6 0-1

[Event "Championnat de France - Open D"]
[Site "PAU"]
[Date "2012.08.15"]
[Round "2.2"]
[White "Arpinon, Jack"]
[Black "Fabre, Pierre"]
[Result "0-1"]
[WhiteElo "1499"]
[BlackElo "1433"]
[PlyCount "109"]

1. e4 c5 2. Nf3 d6 3. d4 cxd4 4. Nxd4 e5 5. Nb3 Nf6 6. Nc3 a6 7. Bg5 Be6 8.
Bxf6 Qxf6 9. Nd5 Bxd5 10. Qxd5 Nc6 11. O-O-O Be7 12. Kb1 Qxf2 13. Rd2 Qf6 14.
Bc4 O-O 15. Rf1 Qg6 16. Rdf2 Bf6 17. Nd2 Rab8 18. a3 Rfd8 19. g3 Ne7 20. Qd3 b5
21. Bb3 Rbc8 22. Nf3 d5 23. Nh4 Qxe4 24. Qxe4 dxe4 25. Ng2 Rc6 26. Ne3 Rcd6 27.
Ka2 Nc6 28. c3 R8d7 29. h4 Rd2 30. g4 Rxf2 31. Rxf2 Bxh4 32. Rf1 Bg5 33. Nf5
Bf4 34. Re1 g6 35. Ne3 Kg7 36. Ng2 Rd2 37. Nxf4 exf4 38. Rxe4 f3 39. Rf4 Ne5
40. g5 Rd7 41. a4 bxa4 42. Bxa4 Re7 43. b4 h6 44. gxh6+ Kxh6 45. b5 axb5 46.
Bxb5 Kg5 47. Rd4 Kf5 48. Bf1 g5 49. c4 g4 50. Kb2 g3 51. Bh3+ Kg5 52. c5 g2 53.
Rd1 Kh4 54. Bc8 Kg3 55. Rc1 0-1

[Event "Championnat de France - Open D"]
[Site "PAU"]
[Date "2012.08.15"]
[Round "2.3"]
[White "Brivet-Naudot, Cyril"]
[Black "Apap, Titouan"]
[Result "1-0"]
[WhiteElo "1499"]
[BlackElo "1420"]
[PlyCount "189"]

1. e4 c5 2. Nf3 d6 3. d4 cxd4 4. Nxd4 a6 5. Nc3 Nf6 6. Bd3 e5 7. Nf3 Nc6 8. O-O
Be7 9. Nd5 Be6 10. c4 O-O 11. Be3 Bxd5 12. exd5 Na7 13. Bf5 b5 14. b3 g6 15.
Bc2 Nd7 16. a4 b4 17. a5 Bf6 18. Ra4 Nc5 19. Bxc5 dxc5 20. Re1 Re8 21. Be4 Rb8
22. Qd2 Bg7 23. Qe3 f5 24. Bc2 e4 25. Ng5 Bd4 26. Qf4 Be5 27. Qh4 Rb7 28. Kf1
Bf6 29. f4 exf3 30. Rxe8+ Qxe8 31. gxf3 Qe3 32. f4 Qc1+ 33. Qe1 Qxf4+ 34. Qf2
Qxf2+ 35. Kxf2 Bxg5 36. Ra1 Re7 37. Rd1 Be3+ 38. Kf3 Bd4 39. Rd2 Re3+ 40. Kf4
Nc8 41. Rg2 Nd6 42. h4 h6 43. Rxg6+ Kf7 44. Rxd6 Re2 45. Rxa6 Rxc2 46. Kxf5
Rf2+ 47. Ke4 Re2+ 48. Kf5 Re7 49. Kf4 Re8 50. Ra7+ Kf8 51. Kf5 Rd8 52. Ke6 Re8+
53. Kd6 Be5+ 54. Kc6 Rc8+ 55. Kd7 Rb8 56. d6 Re8 57. Kc6 Rc8+ 58. Kd5 Bg3 59.
d7 Rd8 60. Rb7 Ke7 61. Kc6 Bxh4 62. a6 Bg3 63. Kxc5 h5 64. Kxb4 h4 65. Kc3 h3
66. Rb5 Rxd7 67. Rh5 Be1+ 68. Kc2 Rd2+ 69. Kb1 Rd1+ 70. Kb2 Rd2+ 71. Ka3 Rd6
72. Rxh3 Rxa6+ 73. Kb2 Bf2 74. b4 Bd4+ 75. Kb3 Ra1 76. Rd3 Rb1+ 77. Ka4 Bb6 78.
Kb5 Bd8 79. Kc5 Ke8 80. b5 Be7+ 81. Kc6 Rc1 82. Rd4 Bf6 83. Re4+ Kf7 84. b6 Bd8
85. b7 Rb1 86. c5 Be7 87. Re5 Kf6 88. Rd5 Ke6 89. Rh5 Rb2 90. Rh6+ Ke5 91. Rh7
Bf8 92. Rh8 Be7 93. b8=Q+ Rxb8 94. Rxb8 Kf6 95. Kd5 1-0

[Event "Championnat de France - Open D"]
[Site "PAU"]
[Date "2012.08.15"]
[Round "2.4"]
[White "Ragneau, Freddy"]
[Black "Martinet, Nathan"]
[Result "1-0"]
[WhiteElo "1499"]
[BlackElo "1415"]
[PlyCount "127"]

1. d4 Nf6 2. c4 g6 3. Nc3 Bg7 4. e4 d6 5. Nf3 Bg4 6. Be2 O-O 7. O-O Nc6 8. Be3
Qc8 9. d5 Bxf3 10. Bxf3 Ne5 11. Be2 c6 12. Rc1 b6 13. f3 Qb7 14. b4 cxd5 15.
cxd5 a5 16. bxa5 bxa5 17. Rb1 Qc7 18. Na4 Rab8 19. Bb6 Qb7 20. Bxa5 Qa7+ 21.
Bb6 Rxb6 22. Nxb6 Ned7 23. Qa4 Qc7 24. Nxd7 Nxd7 25. Rfc1 Nc5 26. Qc4 Qa7 27.
Kh1 Bh6 28. Rc2 Qa3 29. Rc3 Qa7 30. Bd1 Bd2 31. Rc2 Bh6 32. Rcb2 Qa5 33. Qb4
Qa7 34. a4 Nd3 35. Qb6 Be3 36. Qxa7 Bxa7 37. Rb7 Nf2+ 38. Kg1 Be3 39. Kf1 Nd3
40. R1b3 Nc5 41. Rxe7 Nxb3 42. Bxb3 Ra8 43. Ke2 Bg5 44. Rc7 Rb8 45. Bc2 Rb2 46.
Kd3 Ra2 47. Rb7 h5 48. g3 Kf8 49. f4 Bf6 50. Rd7 Be7 51. e5 Ke8 52. Rc7 Kd8 53.
Rb7 Ra3+ 54. Bb3 Ke8 55. Kc2 Ra1 56. Kb2 Rh1 57. a5 Rxh2+ 58. Ka3 dxe5+ 59. Ka4
e4 60. a6 Bc5 61. d6 e3 62. Bxf7+ Kd8 63. Be6 Rh1 64. Rb8# 1-0

[Event "Championnat de France - Open D"]
[Site "PAU"]
[Date "2012.08.15"]
[Round "2.5"]
[White "Larghi, Dimitri"]
[Black "Salvi, Michel"]
[Result "0-1"]
[WhiteElo "1434"]
[BlackElo "1499"]
[PlyCount "70"]

1. e4 c5 2. Bc4 Nc6 3. Nf3 d6 4. Nc3 Nf6 5. O-O a6 6. a4 Bd7 7. d3 g6 8. Be3
Bg7 9. Ng5 Ne5 10. Bb3 O-O 11. d4 cxd4 12. Bxd4 Nc6 13. Be3 Rc8 14. Nd5 Nxd5
15. Qxd5 Ne5 16. Bd4 Bc6 17. Bb6 Qxb6 18. Qd2 h6 19. Nh3 Bxe4 20. Qf4 Bxc2 21.
Ba2 Qxb2 22. Qe3 Rc3 23. Qe2 Qb6 24. Nf4 Bd3 25. Qd1 Bxf1 26. Nd5 Qc5 27. Nxc3
Qxc3 28. Qxf1 Nd3 29. Rb1 Nxf2 30. Qxf2 Bd4 31. Qxd4 Qxd4+ 32. Kh1 Rc8 33. h3
Rc2 34. Bxf7+ Kxf7 35. Rf1+ Rf2 0-1

[Event "Championnat de France - Open D"]
[Site "PAU"]
[Date "2012.08.15"]
[Round "2.6"]
[White "Thouvenin, Jean-Claude"]
[Black "Barbe Asensio, Cyrielle"]
[Result "1-0"]
[WhiteElo "1499"]
[BlackElo "1410"]
[PlyCount "49"]

1. e4 c6 2. d4 d5 3. Nd2 Nd7 4. e5 Nb6 5. Bd3 e6 6. Ngf3 c5 7. c3 c4 8. Bc2 Nd7
9. Nf1 b5 10. a3 Be7 11. Ng3 f6 12. O-O Qc7 13. Nh5 Kf8 14. Nf4 Nb6 15. exf6
Nxf6 16. Ng5 Qc6 17. Re1 h6 18. Ngxe6+ Bxe6 19. Rxe6 Qc7 20. Ng6+ Kg8 21. Rxe7
Qd6 22. Bf4 Qd8 23. Qe2 Nc8 24. Qe6+ Kh7 25. Nf8# 1-0

[Event "Championnat de France - Open D"]
[Site "PAU"]
[Date "2012.08.15"]
[Round "2.7"]
[White "Joyeux, Chloe"]
[Black "Kneib, Bernard"]
[Result "1/2-1/2"]
[WhiteElo "1432"]
[BlackElo "1495"]
[PlyCount "112"]

1. e4 d6 2. d4 Nf6 3. Nc3 g6 4. Nf3 Bg7 5. Bg5 O-O 6. Bc4 Nxe4 7. Nxe4 d5 8.
Bd3 dxe4 9. Bxe4 Re8 10. c3 c6 11. O-O Nd7 12. Re1 Nf6 13. Qb3 Qc7 14. Ne5 e6
15. Bf4 Qe7 16. Re3 Nh5 17. Nd3 Nxf4 18. Nxf4 Bh6 19. g3 Bxf4 20. gxf4 Qh4 21.
Rf3 Rb8 22. Qa3 Ra8 23. Qc5 Rd8 24. Qg5 Qxg5+ 25. fxg5 Kg7 26. Rd3 Bd7 27. Rad1
Be8 28. f4 Rd6 29. Kf2 Rad8 30. h4 h6 31. Ke3 f6 32. a3 hxg5 33. hxg5 f5 34.
Bf3 Bf7 35. b4 Rh8 36. Rh1 Rdd8 37. Rdd1 Rdg8 38. Rxh8 Rxh8 39. Rh1 Rc8 40. Kd3
b6 41. Re1 c5 42. dxc5 bxc5 43. Re5 cxb4 44. axb4 Rh8 45. Ra5 Rd8+ 46. Ke3 Rd7
47. c4 e5 48. Bd5 e4 49. Ra3 Rc7 50. Bxf7 Kxf7 51. c5 Ke6 52. Ra6+ Kf7 53. Rf6+
Kg7 54. Ra6 Kf7 55. Rf6+ Kg7 56. Ra6 Kf7 1/2-1/2

[Event "Championnat de France - Open D"]
[Site "PAU"]
[Date "2012.08.15"]
[Round "2.8"]
[White "Juffin, Dominique"]
[Black "Dugas, Daniele"]
[Result "0-1"]
[WhiteElo "1494"]
[BlackElo "1410"]
[PlyCount "66"]

1. d4 Nf6 2. Nf3 g6 3. Nc3 d5 4. Bf4 c6 5. e3 Bg7 6. Be2 O-O 7. Ne5 Bf5 8. g4
Be6 9. h4 Ne4 10. Nxe4 dxe4 11. g5 f6 12. gxf6 exf6 13. Ng4 f5 14. Nh6+ Kh8 15.
h5 g5 16. Be5 Nd7 17. f4 exf3 18. Bxf3 Nxe5 19. dxe5 Qa5+ 20. c3 Qxe5 21. Kf2
Bxh6 22. Qd4 Qxd4 23. cxd4 g4 24. Be2 Bd5 25. Rhg1 Rae8 26. Rg3 b5 27. b3 a6
28. b4 Bc4 29. Bxc4 bxc4 30. Rc1 f4 31. Rxg4 fxe3+ 32. Ke2 Rf2+ 33. Ke1 Rxa2
0-1

[Event "Championnat de France - Open D"]
[Site "PAU"]
[Date "2012.08.15"]
[Round "2.9"]
[White "Leost, Joel"]
[Black "Karsenty, Madeleine"]
[Result "1-0"]
[WhiteElo "1491"]
[BlackElo "1407"]
[PlyCount "39"]

1. e4 e5 2. Bc4 d6 3. Nc3 Nf6 4. Nf3 Be7 5. d4 exd4 6. Nxd4 O-O 7. O-O Nxe4 8.
Nxe4 d5 9. Bd3 dxe4 10. Bxe4 Bf6 11. Be3 Nd7 12. c3 a6 13. f4 Re8 14. Qf3 Nc5
15. Bc2 Rb8 16. Rae1 Ne6 17. Nf5 c5 18. Qg3 Kh8 19. Rd1 Qe7 20. Nxe7 1-0

[Event "Championnat de France - Open D"]
[Site "PAU"]
[Date "2012.08.15"]
[Round "2.10"]
[White "Laudat, Philippe"]
[Black "Bruneau, Maylis"]
[Result "1-0"]
[WhiteElo "1490"]
[BlackElo "1402"]
[PlyCount "133"]

1. d4 d5 2. Bf4 Bf5 3. e3 Nf6 4. Nf3 e6 5. Be2 Be7 6. Nbd2 O-O 7. c4 c5 8. dxc5
Bxc5 9. O-O dxc4 10. Nxc4 Nbd7 11. Rc1 Rc8 12. Nfe5 Nxe5 13. Qxd8 Rfxd8 14.
Bxe5 Nd7 15. Rfd1 Nxe5 16. Rxd8+ Rxd8 17. Nxe5 Bb6 18. Bf3 h6 19. Bxb7 Bc7 20.
Nc6 Rd7 21. Bc8 Rd2 22. Ne7+ Kf8 23. Nxf5 exf5 24. g3 Be5 25. Bxf5 Rxb2 26. a4
Ra2 27. Bd7 f6 28. Kg2 Bd6 29. Kf3 Bb4 30. Bb5 Rd2 31. Rc8+ Kf7 32. Rc7+ Kg6
33. Rxa7 Rd5 34. Rb7 Rf5+ 35. Kg2 Rd5 36. Be8+ Kf5 37. Rxb4 Rd8 38. Bb5 Ra8 39.
Bd3+ Ke5 40. Rb5+ Kd6 41. a5 Ra7 42. Rb6+ Kc7 43. Rb5 Kc6 44. Rf5 Kd6 45. a6
Kc6 46. Rf4 Kb6 47. Kf3 Kc6 48. Kg4 Kd6 49. Kf5 Ke7 50. Kg6 Kf8 51. Rb4 Ke8 52.
Rb8+ Kd7 53. Rb7+ Rxb7 54. axb7 Kc7 55. Be4 f5 56. Kxf5 g5 57. Kg6 g4 58. Kxh6
Kb8 59. Kg5 Kc7 60. Kxg4 Kb8 61. h4 Kc7 62. h5 Kb8 63. h6 Kc7 64. h7 Kb8 65.
h8=Q+ Kc7 66. b8=Q+ Kd7 67. Qhe8# 1-0

[Event "Championnat de France - Open D"]
[Site "PAU"]
[Date "2012.08.16"]
[Round "3.1"]
[White "Giua, Marie"]
[Black "Charpentier, Bruno"]
[Result "0-1"]
[WhiteElo "1500"]
[BlackElo "1463"]
[PlyCount "82"]

1. d4 d5 2. c4 c6 3. Nf3 Bf5 4. e3 h6 5. Nc3 Nf6 6. Bd2 e6 7. c5 Be7 8. Be2
Nbd7 9. O-O Ne4 10. Be1 Ndf6 11. Ne5 Nxc3 12. Bxc3 Ne4 13. Be1 f6 14. Ng4 h5
15. f3 hxg4 16. fxe4 Bxe4 17. Bxg4 f5 18. Bf3 Bh4 19. Qe2 Qc7 20. g3 Bg5 21.
Qg2 Bxe3+ 22. Bf2 Bxf2+ 23. Rxf2 O-O-O 24. Bxe4 dxe4 25. Rd2 g5 26. b4 f4 27.
Qxe4 fxg3 28. Qxe6+ Kb8 29. Qe2 gxh2+ 30. Kh1 Rde8 31. Qg2 Qe7 32. Qg3+ Ka8 33.
Rxh2 Qe4+ 34. Qg2 Qxd4 35. Rb1 Rxh2+ 36. Kxh2 Rh8+ 37. Kg3 Qd3+ 38. Kg4 Qxb1
39. Kg3 Qd3+ 40. Kg4 Qc4+ 41. Kg3 Qf4# 0-1

[Event "Championnat de France - Open D"]
[Site "PAU"]
[Date "2012.08.16"]
[Round "3.2"]
[White "Pedarrieu, Gerard"]
[Black "Brivet-Naudot, Cyril"]
[Result "1/2-1/2"]
[WhiteElo "1466"]
[BlackElo "1499"]
[PlyCount "137"]

1. e4 e5 2. Nf3 Nc6 3. Nc3 Nf6 4. Bc4 h6 5. d3 Na5 6. Nxe5 Nxc4 7. Nxc4 Bb4 8.
a3 Bxc3+ 9. bxc3 d5 10. exd5 Nxd5 11. Bb2 Qe7+ 12. Qe2 Qxe2+ 13. Kxe2 Nf4+ 14.
Kf1 O-O 15. Re1 Be6 16. Ne3 b5 17. f3 c5 18. Kf2 c4 19. dxc4 bxc4 20. Bc1 Nh5
21. Rd1 Rad8 22. Rd4 Rxd4 23. cxd4 c3 24. Rd1 Nf6 25. d5 Bd7 26. Rd3 Rc8 27.
Nd1 Bf5 28. Rxc3 Rxc3 29. Nxc3 Bxc2 30. d6 a6 31. Nd5 Nd7 32. Be3 Ba4 33. Ke2
Bb5+ 34. Kd2 Ne5 35. Nb6 Kf8 36. a4 Bc6 37. Kc3 Nd7 38. Nxd7+ Bxd7 39. Kb4 Ke8
40. a5 Bc6 41. Kc5 Kd7 42. Bf4 Bb5 43. h4 h5 44. Kd5 Bf1 45. g3 Be2 46. Ke4 Ke6
47. Ke3 Bb5 48. g4 hxg4 49. fxg4 Bd7 50. Kd4 Bc6 51. Kc5 Kd7 52. h5 Bf3 53. Kb6
Be2 54. g5 Bd3 55. h6 gxh6 56. gxh6 Kc8 57. h7 Bxh7 58. Kxa6 Bf5 59. Kb6 Bd7
60. a6 Kb8 61. Be3 Be8 62. Bf4 Bd7 63. Kc5 Ka7 64. Kd4 Kxa6 65. Ke5 Kb7 66. Kf6
Be6 67. Ke7 Kc6 68. d7 Bxd7 69. Kxf7 1/2-1/2

[Event "Championnat de France - Open D"]
[Site "PAU"]
[Date "2012.08.16"]
[Round "3.3"]
[White "Frederic, Christine"]
[Black "Ragneau, Freddy"]
[Result "0-1"]
[WhiteElo "1461"]
[BlackElo "1499"]
[PlyCount "94"]

1. e4 e5 2. d4 exd4 3. Qxd4 Nc6 4. Qe3 d6 5. Nc3 Nf6 6. Bd2 Be7 7. O-O-O O-O 8.
f3 Ne5 9. Nge2 c6 10. Qf2 Qc7 11. Nf4 b5 12. h4 a5 13. g4 b4 14. Na4 Nxf3 15.
Qxf3 Bxg4 16. Qg2 Bxd1 17. Kxd1 Rfd8 18. Nd3 c5 19. b3 c4 20. bxc4 Qc6 21. Ndb2
Qxe4 22. Rg1 Qxg2 23. Rxg2 Ne4 24. Re2 Nxd2 25. Rxd2 Bxh4 26. Bd3 Bf6 27. Rh2
g6 28. Be4 Rab8 29. Bd5 Rd7 30. Nd3 Re7 31. Rg2 Bc3 32. Rf2 Kg7 33. Rf1 f5 34.
Nf4 Rbe8 35. Nd3 Re2 36. Nxc3 bxc3 37. Bf3 Rd2+ 38. Kc1 Kf6 39. Bd1 g5 40. Nf2
Rd4 41. Bh5 Rb8 42. Ng4+ Ke6 43. Re1+ Re4 44. Ne3 f4 45. Bg4+ Kf7 46. Bf3 Rxe3
47. Bh5+ Ke7 0-1

[Event "Championnat de France - Open D"]
[Site "PAU"]
[Date "2012.08.16"]
[Round "3.4"]
[White "Salvi, Michel"]
[Black "Roman, Sylvian"]
[Result "1-0"]
[WhiteElo "1499"]
[BlackElo "1440"]
[PlyCount "53"]

1. e4 e5 2. Nf3 Nc6 3. Bc4 Bc5 4. c3 Nf6 5. d4 exd4 6. cxd4 Bb4+ 7. Bd2 Nxe4 8.
Bxb4 Nxb4 9. Bxf7+ Kxf7 10. Qb3+ d5 11. Ne5+ Kf6 12. Qxb4 a5 13. Qb3 Rf8 14.
O-O c6 15. Qe3 g6 16. Qh6 Qe7 17. Nc3 Bf5 18. g4 Bc8 19. f4 Ke6 20. Rae1 Kd6
21. Nxe4+ dxe4 22. Rxe4 Kd5 23. Rfe1 Be6 24. Nxg6 hxg6 25. f5 Qf6 26. Re5+ Kc4
27. Qc1+ 1-0

[Event "Championnat de France - Open D"]
[Site "PAU"]
[Date "2012.08.16"]
[Round "3.5"]
[White "Mautin, Arthur"]
[Black "Thouvenin, Jean-Claude"]
[Result "0-1"]
[WhiteElo "1453"]
[BlackElo "1499"]
[PlyCount "122"]

1. d4 f5 2. c4 Nf6 3. Nc3 e6 4. Bg5 Be7 5. Nf3 c6 6. e3 d5 7. cxd5 cxd5 8. Bb5+
Bd7 9. Qa4 O-O 10. O-O Nc6 11. Qd1 h6 12. Bh4 Ne4 13. Nxe4 Bxh4 14. Nxh4 Qxh4
15. Nc3 Rf6 16. f4 g5 17. Qf3 g4 18. Qf2 Qh5 19. Qe2 a6 20. Ba4 b5 21. Bb3 Raf8
22. Rac1 Na5 23. Bc2 Nc4 24. b3 Nd6 25. Bd3 b4 26. Na4 Bxa4 27. bxa4 a5 28. Rc5
Ra8 29. Rfc1 Rff8 30. Rc6 Rac8 31. R1c5 Rxc6 32. Rxc6 Rc8 33. Rxc8+ Nxc8 34.
Ba6 Nd6 35. g3 Qe8 36. Bb5 Qc8 37. Kg2 Kf7 38. Bd3 Qc3 39. Qc2 Nc4 40. Kf2 Nd2
41. Qxc3 bxc3 42. Bc2 Nf3 43. Kg2 Ne1+ 44. Kf2 Nxc2 45. Ke2 Na3 46. Kd3 c2 47.
Kd2 Nc4+ 48. Kxc2 Nxe3+ 49. Kd3 Nf1 50. Ke2 Nxh2 51. Kf2 h5 52. a3 Kf6 53. Ke2
Nf3 54. Ke3 h4 55. gxh4 Nxh4 56. Kf2 Nf3 57. Ke3 Kg6 58. Kd3 Kh5 59. Ke3 Kh4
60. Kd3 Kg3 61. Ke3 Kg2 0-1

[Event "Championnat de France - Open D"]
[Site "PAU"]
[Date "2012.08.16"]
[Round "3.6"]
[White "Azouni, Anais"]
[Black "Leost, Joel"]
[Result "0-1"]
[WhiteElo "1439"]
[BlackElo "1491"]
[PlyCount "52"]

1. e4 c5 2. Nf3 Nc6 3. d4 cxd4 4. Nxd4 e6 5. Bc4 Nf6 6. Nxc6 bxc6 7. Nd2 d5 8.
exd5 exd5 9. Bd3 Bc5 10. O-O O-O 11. Nf3 Re8 12. c3 Bg4 13. Bg5 Qd6 14. Bh4 Ne4
15. Bxe4 Rxe4 16. Bg3 Qf6 17. Qd3 Bxf3 18. gxf3 Re6 19. Kh1 Rae8 20. b4 Bb6 21.
Rac1 Re2 22. a4 h5 23. a5 Bd8 24. Bb8 a6 25. Ba7 Bc7 26. Rg1 Qh4 0-1